000 00657nam a2200241Ia 4500
003 OSt
005 20220924144117.0
006 a|||||r|||| 00| 0
007 ta
008 220923b |||||||| |||| 00| 0 urd d
024 _a312062
037 _cTextual
040 _aARTS
_cARTS
_burd
041 _2urd
_aurd
082 _aO168,1L38,11:g, G8
100 _aDehalvi Meer Hasan
_9217066
245 0 _aSehrul bayan
260 _c1938
650 _aURDU POETRY
700 _a Shams Shamsul Hasan Ed.
_9217067
942 _hO168,1L38,11:g, G8
_cTEXL
_2CC
999 _c456135
_d456135